000 01191nmm a2200325 a 4500
001 ocm0001683040
003 TR-IsHL
005 20201028165950.0
008 171223s2007 tu tur
007 cr cn
020 _a9789944122245
035 _a1683040
_b(N$T)
050 0 4 _aHX110.5
_b.R3319 2007
090 0 4 _aHX110.5
_b.R3319 2007
100 1 _aRaby, D. L.
245 1 0 _aDemokrasi ve devrim: günümüzde Latin Amerika ve sosyalizm
_h[electronic resource] /
_cD. L. Raby ; İngilizceden çeviren Ertan Günçiner
250 _aBirinci basım
260 _aİstanbul :
_bYordam Kitap,
_c2007
300 _a368 p.
500 _aÖzgün yapıt adı: Democracy and revolution : Latin America and socialism today
_xKaynakça ve dizin var.
_x
650 4 _aSosyoloji
650 4 _aSociology
650 0 _aSosyalizm
650 0 _aSocialism
650 0 _aSosyalizm
_x Latin Amerika
650 0 _aSocialism
_x Latin America
650 7 _aPOLITICAL SCIENCE / Political Ideologies / Communism, Post-Communism & Socialism
_2bisacsh
700 1 _aGünçiner, Ertan
856 4 0 _uhttp://search.ebscohost.com/login.aspx?direct=true&scope=site&db=e011xww&AN=1683040
999 _c16029
_d16029